The Muse #2 /

Morgan's learning that there are some definite upsides to being a teen-aged super-type -- like riding the original winged horse, PEGASUS! Unfortunately, the downsides include stuff like a mundane museum field trip turning deadly when the savage she-spider ARACHNE comes to call! Guest-starring T...

Full description

Bibliographic Details
Corporate Author: Library Pass, LLC
Other Authors: Storrie, Paul (writer.)
Format: eBook
Language:English
Published: [United States] : TidalWave Productions, 2014.
Subjects:
Online Access:Connect to this electronic book (First time users create your free account)

MARC

Tag First Indicator Second Indicator Subfields
LEADER 00000nmm a22000001a 4500
001 in00004617841
006 m|||||o||m||||||||
007 cr|cn |||uuuuu
008 221118s2014 xxu||||eo|||| ||||||eng d
005 20221207215447.8
035 |a (TxWaIVM)IV49193TiTh 
040 |a TxWaIVM  |c TxWaIVM 
245 0 4 |a The Muse #2 /  |c powered by Library Pass. 
260 3 |a [United States] :  |b TidalWave Productions,  |c 2014. 
300 |a 1 online resource. 
336 |a text  |b txt  |2 rdacontent 
337 |a computer  |b c  |2 rdamedia 
338 |a online resource  |b cr  |2 rdacarrier 
520 |a Morgan's learning that there are some definite upsides to being a teen-aged super-type -- like riding the original winged horse, PEGASUS! Unfortunately, the downsides include stuff like a mundane museum field trip turning deadly when the savage she-spider ARACHNE comes to call! Guest-starring THE ODYSSEY's super-strong SIGMA! 
521 |a 3 
538 |a Requires a valid library card and registration for new users. 
538 |a Mode of access: World Wide Web. 
538 |a System requirements: Flash 10.1 or higher, Windows XP and higher, Internet Explorer 7 and higher, Firefox 3.6 and higher, Google Chrome; Max OS 10.5 and higher, Safari 4 and higher. 
650 0 |a Comic books, strips, etc. 
655 7 |a Electronic books.  |2 local 
655 7 |a Comic books, strips, etc.  |2 gsafd 
650 0 |a Fantasy comic books, strips, etc. 
655 7 |a Fantasy comic books, strips, etc.  |2 gsafd 
650 0 |a Comic books, strips, etc. --Superheroes 
655 7 |a Comic books, strips, etc. --Superheroes  |2 gsafd 
700 1 |a Storrie, Paul.  |e writer. 
700 1 |a Bogle, J. Bruce.  |e artist. 
710 2 |a Library Pass, LLC. 
856 4 0 |u http://proxy.library.tamu.edu/login?url=https://tamu.librarypass.com/product/com.iversecomics.bluewater.productions.the.muse.two.english.10082014  |z Connect to this electronic book (First time users create your free account)  |t 0 
955 |a Comics Plus. 
999 f f |s 9be1d0b9-0067-43ad-ad9d-08b78a8887b1  |i 7b0d5c5a-4796-428b-93df-186ce2630c84  |t 0 
952 f f |a Texas A&M University  |b College Station  |c Electronic Resources  |d Available Online  |t 0  |h Library of Congress classification 
998 f f |t 0  |l Available Online